000
00317 a2200133 4500
020
_a
9781607187011 (pbk.)
020
_a
1607187019 (pbk.)
041
_a
spa
100
_a
Bell, Samantha.
245
_a
La mascota perfecta / por Samantha Bell.
260
_a
Arbordale Pub, c2013.
300
_a
32 pages
942
_c
BK
999
_c
11375
_d
11375